| 000 | 00379nam a2200169Ia 4500 | ||
|---|---|---|---|
| 100 | _aRao/Sunil S | ||
| 650 | _aPower systems | ||
| 250 | _a15 | ||
| 942 | _cBK | ||
| 366 | _f10 | ||
| 654 | _aswitchgear | ||
| 245 | _aSwitchgear Protection and power system | ||
| 260 |
_bKhanna publishers _aMumbai _c2007 |
||
| 082 |
_a621.317/RAO _bRAO |
||
| 300 | _a1313 | ||
| 546 | _aENGLISH | ||
| 999 |
_c34120 _d34120 |
||